| 000 | 00435nam a2200181Ia 4500 | ||
|---|---|---|---|
| 001 | 507 | ||
| 005 | 20260306140523.0 | ||
| 008 | 260306t1999||||xx |||||||||||||| ||spa|| | ||
| 041 | _aESP | ||
| 082 |
_a121 _bV53 |
||
| 100 |
_aVerneaux, Roger _eAUT |
||
| 245 | 0 | _aEpistemología general o crítica del conocimiento | |
| 260 | _c1999 | ||
| 300 |
_a248 páginas : _c22 cm. |
||
| 650 | _aGEN | ||
| 654 | _aCHU | ||
| 942 |
_cLIB _dJUS _fJUS _2ddc _n |
||
| 999 |
_c507 _d507 |
||